000 01526nas2a2200301 4500
001 RU\NLR\DIGIT\65778
005 20240725000348.0
035 _a(NLR Aleph) 010123655
090 _a10008215
_c10008215
100 _a20070222d1927 m y0rusy50 ca
101 _arus
102 _aRU
135 _acomo mmmapabr
200 1 _aПертоминский архив. Описание рукописей Спасо-Преображенского Пертоминского монастыря, хранящихся в Музее Соловецкого общества краеведения XVII - XVIII вв.
_fПриклонской А.
210 _aО. Соловки
_cБюро печати УСЛОН
_d1927
215 _a307, [6] с.
_d26х18
225 _aСоловецкое общество краеведения. Материалы
325 _aКопия доступна в Электрон. б-ке РНБ http://vivaldi.nlr.ru/bx000001490/view
461 0 _1200##$aМатериалы$fСоловецкое общество краеведения
_tМатериалы
463 0 _1200##$aВып. XV
_1210##$d1927
_tВып. XV
610 1 _aСоловки
702 1 _aПриклонской
_bА.
_4220
801 2 _aRU
_bNLR
_c20070626
_2rusmarc
852 _aNLR
_j42/171/15
942 _cSE
981 2 2 _a(22) Материалы по истории России
_b(22) История России до 25 октября (7 ноября) 1917 года